| 000 | 00484cam a2200193ua 4500 | ||
|---|---|---|---|
| 001 | 6750 | ||
| 005 | 20260515114111.0 | ||
| 008 | 140307n ii |||gr||||Z||||||asm | ||
| 040 | _cMAIN | ||
| 082 | _a510 | ||
| 245 |
_aBanijyik ganit _cBy Praneswar pathak |
||
| 250 | _a6th ed. | ||
| 260 |
_aDibrugarh: _bPathyaputhi prastuti samanay samiti, _c1986. |
||
| 300 | _ax,375p. | ||
| 653 | _aMathematics | ||
| 653 | _aBanijyik ganit | ||
| 700 |
_aPathak,Praneswar, _eAuthor. |
||
| 942 | _cBK | ||
| 999 |
_c5893 _d5893 |
||